| 000 | 02341nam a2200505 i 4500 | ||
|---|---|---|---|
| 001 | 000011002 | ||
| 003 | DO-SdBNP | ||
| 005 | 20251120120921.0 | ||
| 007 | ta | ||
| 008 | 091013s2003 mx 001 0 spa d | ||
| 020 | _a9706135340 (colección) | ||
| 020 | _a9706135359 (v. 1) | ||
| 020 | _a9706135367 (v. 2) | ||
| 020 | _a9706135375 (v. 3) | ||
| 020 | _a9706135383 (v. 4) | ||
| 020 | _a9706135391 (v. 5) | ||
| 020 | _a9706135405 (v. 6) | ||
| 020 | _a9706135413 (v. 7) | ||
| 020 | _a9706135421 (v. 8) | ||
| 040 |
_aDO-SdBNP _bspa _cBNPHU _erda |
||
| 082 |
_222 _a347 _bB582c |
||
| 245 | 0 | 0 | _aBiblioteca clásicos del derecho |
| 264 | 1 |
_aMéxico, D.F. : _bOxford, _c2003. |
|
| 300 |
_a8 volúmenes _c24 cm. |
||
| 336 |
_2rdacontent _atexto _btxt |
||
| 337 |
_2rdamedia _asin mediación _bn |
||
| 338 |
_2rdacarrier _avolumen _bnc |
||
| 505 | 0 |
_gv.1 -- _tTratado elemental de derecho civil -- _r Julien Bonnecase / _gv.2 -- _tDerecho procesal civil -- _rPiero Calamandrei / _gv.3 -- _tDerecho penal -- _r Francesco Carrara / _gv.4 -- _tDerecho procesal civil y penal -- _r Francesco Carnelutti / _gv.5 -- _tInstituciones de derecho procesal civil -- _rFrancesco Carnelutti / _gv.6 -- _tCurso de derecho procesal civil -- _rGuiseppe Chiovenda / _g v. 7 -- _tLecciones de derecho penal -- _rLuis Jiménez de Asúa / _gv.8 -- _tDerecho civil -- _rMarcel Planiol , Georges Ripert / |
|
| 590 | _aInventariado, 2024/ YL | ||
| 650 | 4 |
_aDerecho civil _vColecciones _95702 |
|
| 650 | 4 |
_aProcedimiento civil _vColecciones _913926 |
|
| 650 | 4 |
_aDerecho penal _vColecciones _917405 |
|
| 650 | 4 |
_aProcedimiento penal _vColecciones _9554 |
|
| 700 | 1 | 2 |
_aBonnecase, Julien _tTratado elemental de derecho civil _926429 |
| 700 | 1 | 2 |
_aCalamandrei, Piero _tDerecho procesal civil _926430 |
| 700 | 1 | 2 |
_aCarrara, Francesco _d1805-1888 _tDerecho penal _926431 |
| 700 | 1 | 2 |
_aCarnelutti, Francesco _tDerecho procesal civil y penal _926432 |
| 700 | 1 | 2 |
_aCarnelutti, Francesco _tInstituciones de derecho procesal civil _926433 |
| 700 | 1 | 2 |
_aChiovenda, Guiseppe _tCurso de derecho procesal civil _926434 |
| 700 | 1 | 2 |
_aJiménez de Asúa, Luis _tLecciones de derecho penal _926435 |
| 700 | 1 | 2 |
_aPlaniol, Marcel _tDerecho civil _926436 |
| 700 | 1 | 2 |
_aRipert, Georges _tDerecho civil _926437 |
| 910 | _aValidado. Control de calidad BNPHU | ||
| 942 |
_2ddc _cLBS1 |
||
| 999 |
_c10740 _d10740 |
||